Aegon I Targaryen Profile Quiz Stats

Quiz not verified by Sporcle

Challenge
Share
Tweet
Embed
Score 0/18 Timer 02:00
0 Plays Today
Hint Answer % Correct
Name (First)Aegon
99.8%
House SigilThree-Headed Dragon
98.1%
House (Surname)Targaryen
97.6%
House WordsFire and Blood
96.5%
House Seat (Before Conquest)Dragonstone
93.7%
Older Sister/WifeVisenya Targaryen
83.1%
How many Aegons have been Kings (on Iron Throne)Five
82%
Only Kingdom (of Seven Kingdoms) Aegon did not ruleDorne
80.5%
Largest Dragon He Used (Conquest)Balerion the Black Dread
80.3%
Hint Answer % Correct
Younger Sister/WifeRhaenys Targaryen
79.2%
Other Two Dragons His Sisters Used (Conquest)Vhagar and Meraxes
72.9%
Youngest Son (and later King)Maegor I Targaryen
72.5%
The Only King (on Iron Throne) Who Served LongerJaehaerys I Targaryen
72.1%
Eldest Son (and later King)Aenys I Targaryen
70.6%
Half Brother/His Hand of the KingOrys Baratheon
63%
How Long He Reigned as Kingabout 36 Years
49.4%
FatherAerion Targaryen
32.7%
MotherValaena Velaryon
21.9%

You're not logged in!

Compare scores with friends on all Sporcle quizzes.
Join for Free
OR
Log In

You Might Also Like...

Show Comments

Extras

Top Quizzes Today


Score Distribution

Your Account Isn't Verified!

In order to create a playlist on Sporcle, you need to verify the email address you used during registration. Go to your Sporcle Settings to finish the process.

Report this User

Report this user for behavior that violates our Community Guidelines.

Details: